| 000 | 00724cam a22002413a 4500 | ||
|---|---|---|---|
| 001 | 32732 | ||
| 003 | PGUSA | ||
| 005 | 20140828083716.0 | ||
| 008 | 100607s2010||||xxu|||||s|||||000 | eng d | ||
| 040 |
_aPGUSA _beng |
||
| 042 | _adc | ||
| 050 | 4 | _aPR | |
| 100 | 1 |
_aOppenheim, E. Phillips _q(Edward Phillips), _d1866-1946 |
|
| 245 | 1 | 0 |
_aJacob's Ladder _h[electronic resource] / _cE. Phillips Oppenheim |
| 260 |
_bProject Gutenberg, _c2010 |
||
| 506 | _aPublic domain in the USA. | ||
| 516 | _aElectronic text | ||
| 653 | _aDetective and mystery stories | ||
| 700 | 1 |
_aWilson, F. Vaux _q(Francis Vaux), _d1874-1938 |
|
| 830 | 0 |
_aProject Gutenberg _v32732 |
|
| 856 | 4 | 0 | _uhttp://www.gutenberg.org/ebooks/32732 |
| 942 | _cEB | ||
| 999 |
_c261987 _d261987 |
||